| 000 | 00986cam a2200325 i 4500 | ||
|---|---|---|---|
| 001 | 19160144 | ||
| 003 | DO-SdBPM | ||
| 005 | 20241009110724.0 | ||
| 008 | 160701s2016 mau c 000 1 eng | ||
| 010 | _a 2016009618 | ||
| 020 | _a9780544636224 | ||
| 040 |
_a DO-SdBPM _bspa _cBPMSU _erda _d |
||
| 082 | 0 | 4 |
_a813.5 _bT253f 2016 _222 |
| 100 | 1 |
_aTeagan, Erin, _eauthor. |
|
| 245 | 1 | 4 |
_aThe friendship experiment / _cErin Teagan. |
| 264 |
_aBoston : _bHoughton Mifflin Harcourt, _c2016 |
||
| 300 |
_a244 páginas ; _c22 cm |
||
| 336 |
_atexto _btxt _2rdacontent |
||
| 337 |
_aunmediated _bn _2rdamedia |
||
| 338 |
_avolume _bnc _2rdacarrier |
||
| 590 | _ainventariado, 2024/VM | ||
| 648 | _x | ||
| 650 | 4 | _aNovela juvenil estadounidenses | |
| 650 | 4 |
_aAmistad _vNovela juvenil estadounidenses |
|
| 650 | 4 |
_aEscuelas intermedias _vNovela |
|
| 650 | 4 |
_aFamilias _vNovela |
|
| 650 | 4 |
_aCientĂficas _vNovela |
|
| 910 | _aVMateo V. Control de calidad. BPMSU | ||
| 942 |
_2ddc _cBK |
||
| 999 |
_c14825 _d14825 |
||